Normal view
MARC view
- Cei, Ufficio nazionale per la pastorale della famiglia; Cisf, Centro internazionale studi famiglia. Boffi P., Campanini G., Caccia S., Moia L., Nicolli S., Spezzibottiani M., Tettamanzi P
Entry Personal Name
001 - CONTROL NUMBER
- control field: 60552
003 - CONTROL NUMBER IDENTIFIER
- control field:
005 - DATE AND TIME OF LATEST TRANSACTION
- control field: 20240319190158.0
008 - FIXED-LENGTH DATA ELEMENTS
- fixed length control field: 240319|| aca||aabn | a|a d
040 ## - CATALOGING SOURCE
- Original cataloging agency:
- Transcribing agency:
100 ## - HEADING--PERSONAL NAME
- Personal name: Cei, Ufficio nazionale per la pastorale della famiglia; Cisf, Centro internazionale studi famiglia. Boffi P., Campanini G., Caccia S., Moia L., Nicolli S., Spezzibottiani M., Tettamanzi P
670 ## - SOURCE DATA FOUND
- Source citation: Work cat.: ()211148: Boffi Pietro (a cura di) 59835, La pastorale familiare in Italia., 2005